Normal view
MARC view
- Martin James
Entry Personal Name
001 - CONTROL NUMBER
- control field: 786
003 - CONTROL NUMBER IDENTIFIER
- control field: NUST
005 - DATE AND TIME OF LATEST TRANSACTION
- control field: 20170515172502.0
008 - FIXED-LENGTH DATA ELEMENTS
- fixed length control field: 170515|| aca||aabn | a|a d
040 ## - CATALOGING SOURCE
- Original cataloging agency: NUST
- Transcribing agency: NUST
100 ## - HEADING--PERSONAL NAME
- Personal name: Martin James
670 ## - SOURCE DATA FOUND
- Source citation: Work cat.: (NUST)24235: Martin James, Data Communication Technology, c 1988
